000 00898nmm a2200265 a 4500
001 ocm000700925
003 TR-IsHL
005 20201028134954.0
008 131203s1999 tu tur
007 cr cn
035 _a700925
_b(N$T)
050 0 4 _aQD441
_b.G85 1999
090 0 4 _aQD441
_b.G85 1999
100 1 _aGuliyev, Vahid Bilaloğlu
245 1 0 _aFlavonoidler: moleküler yapılar, kimyasal özellikleri, belirleme teknikleri, biyolojik aktiviteleri
_h[electronic resource] /
_cVahid Bilaloğlu Guliyev ; Mansur Harmandar
260 _aİstanbul :
_bAktif Yayınevi,
_c1999
300 _a394 p.
650 4 _aTıp
650 4 _aMedicine
650 0 _aFlavonoidler
650 0 _aFlavonoids
650 7 _aNATURE / Plants / General
_2bisacsh
700 1 _aHarmandar, Mansur
856 4 0 _uhttp://search.ebscohost.com/login.aspx?direct=true&scope=site&db=e011xww&AN=700925
999 _c6489
_d6489